| 000 | 00746nam a22001937a 4500 | ||
|---|---|---|---|
| 999 |
_c13616 _d13616 |
||
| 003 | AR-CdUCM | ||
| 008 | 190415b ||||| |||| 00| 0 spa d | ||
| 040 |
_aMUNICIPALIDAD PROVINCIAL DEL CUSCO _cBIBLIOTECA MUNICIPAL DEL CUSCO |
||
| 082 |
_a374.481 / _bA68 |
||
| 100 |
_aAréstegui Moras, Miguel Ángel _932091 |
||
| 245 | _aSistema de núcleos escolares campesinos / | ||
| 260 |
_aCusco : _bH.G. Rozas, _c1966 |
||
| 300 |
_a156 paginas ; _c18 cm. |
||
| 505 | _aContenido :Evolución de la educación primaria -- Movimiento indigenista -- ¿Que son los núcleos escolares? -- Estructura orgánica -- Escuelas... | ||
| 650 |
_aNúcleos escolares rurales _932092 |
||
| 650 |
_aPerú. _935 |
||
| 942 |
_2ddc _cLIBROS |
||
| 945 |
_awnts _d2019-04-15 |
||